Normal view
MARC view
- المنتدى العالمي للوسطية
Entry Personal Name
001 - CONTROL NUMBER
- control field: 41229
003 - CONTROL NUMBER IDENTIFIER
- control field: JO-AjAnu
005 - DATE AND TIME OF LATEST TRANSACTION
- control field: 20230606080841.0
008 - FIXED-LENGTH DATA ELEMENTS
- fixed length control field: 230606|| aca||aabn | a|a d
040 ## - CATALOGING SOURCE
- Original cataloging agency: JO-AjAnu
- Transcribing agency: JO-AjAnu
100 ## - HEADING--PERSONAL NAME
- Personal name: المنتدى العالمي للوسطية
670 ## - SOURCE DATA FOUND
- Source citation: Work cat.: (JO-AjAnu)21129: المنتدى العالمي للوسطية, author, ترسيخ الفكر الوسطي في العالم الإسلامي: الندوة الدولية الأولى المنتدى العالمي للوسطية عمان- الاردن 12-15 / 12/ 2009